Światłocienie i dysonanse

Titel: Światłocienie i dysonanse : o Norwidzie i tradycji literackiej / Agata Seweryn
Verfasser:
Veröffentlicht: Lublin : Wydawn. KUL, 2013
Umfang: 424 S.
Format: Buch
Sprache: Polnisch
Schlagworte:
ISBN: 8377027933 ; 9788377027936
Buchumschlag
X
Lokale Klassifikation: 32 10 E
alg: 34368276
001A    $03004:17-07-14 
001B    $01999:09-06-23 $t21:50:13.000 
001C    $03004:17-07-14 $t14:31:53.000 
001D    $03004:17-07-14 
001U    $0utf8 
001X    $00 
002@    $0Aau 
003@    $0343682761 
003O    $0876471204 $aOCoLC 
004A    $083-7702-793-3 
004A    $A978-83-7702-793-6 
007A    $0AC11689707 $aOBV 
007G    $0DE020B2A06CFA173CBE66C1257D26004C1E81 
009P    $qapplication/pdf $A2 $3Inhaltsverzeichnis $uhttp://scans.hebis.de/HEBCGI/show.pl?34368276_toc.pdf $mV:DE-603;B:DE-Mb50 
010@    $apol 
011@    $a2013 
021A    $aŚwiatłocienie i dysonanse $do Norwidzie i tradycji literackiej $hAgata Seweryn 
028A    $7 $8Seweryn, Agata [Tnd] $9210045167 
033A    $pLublin $nWydawn. KUL 
034D    $a424 S. 
041A    $#Norwid, Cyprian $#Norwid, Cyprian Kamil $#Norwid, Cyprian K. $#Norwid, Cyprjan K. $#Norwid, Cyprjan $#Norwid, C. K. $#Norvid, T︠S︡iprian $#Norvid, Ciprian $#Norwid, Cyprien Camille $#Norwid, C.K. $#Norwid, Kamil Cyprian $#Norvid, Tsiprian $#Norwid, Cyprien $7118588753 $8Norwid, Cyprian$Z1821-1883 [Tp1] $9086929763 
041A/01 $RLiteratur $RDas @Lyrische $#Poetry $#Poetry History and criticism $#Lyric poetry $#Poésie $#Poésie lyrique $#Poesia lirica $#Poesía $#Poesía lírica $#Gedicht Lyrik $#Poem Lyrik $#Dichtung Lyrik $#Poesie $#Lyrisches Werk $#Lyrikwerk $#Gedichtwerk $74036774-5 $8Lyrik [Tsz] $9085099805 
045F    $a809 $eDDC23BSB 
045F/01 $a809 
045F/03 $g438 
046M    $aLiteraturverz. S. [375] - 406 

lok: 34368276 24
101B    $021-07-14 $t10:16:21.000 
101C    $021-07-14 
101U    $0utf8 
145Z/01 $a32 10 E 

exp: 34368276 24 1 #EPN
201B/01 $021-07-14 $t10:16:21.000 
201C/01 $017-07-14 
201U/01 $0utf8 
203@/01 $0734830971 
208@/01 $a21-07-14 $bz 
209A/01 $a14.06937 $du $f050 $h14 06937 $x00 
209C/01 $a14.06937 T $h14 06937 T 
209G/01 $a73531888 $x00 
220C/01 $ajwa 
244Z/01 $#Norwid, Cyprian $#Norwid, Cyprian Kamil $#Norwid, Cyprian K. $#Norwid, Cyprjan K. $#Norwid, Cyprjan $#Norwid, C. K. $#Norvid, T︠S︡iprian $#Norvid, Ciprian $#Norwid, Cyprien Camille $#Norwid, C.K. $#Norwid, Kamil Cyprian $#Norvid, Tsiprian $#Norwid, Cyprien $7118588753 $8--Tp1--Norwid, Cyprian$Z1821-1883 $x01 $9086929763 
247C/01 $8358050-7 Marburg, Bibliothek des Herder-Instituts Marburg $9102600961
LEADER 00000cam a2200000 c 4500
001 343682761
003 DE-603
005 20230609215013.0
007 tu
008 140717s2013 xx |||| | u00||u|pol c
020 |a 8377027933 
020 |a 9788377027936 
035 |a (DE-599)OBVAC11689707 
035 |a (OCoLC)876471204 
040 |a DE-603  |b ger  |c DE-603  |d DE-603 
041 |a pol 
082 0 4 |8 1\u  |a 809  |q DE-101  |2 23/BSB 
085 |8 1\u  |b 809 
085 |8 1\u  |z 2  |s 438 
100 1 |a Seweryn, Agata  |0 (DE-603)210045167 
245 0 0 |a Światłocienie i dysonanse  |b o Norwidzie i tradycji literackiej  |c Agata Seweryn 
264 1 |a Lublin  |b Wydawn. KUL  |c 2013 
300 |a 424 S. 
504 |a Literaturverz. S. [375] - 406 
600 1 7 |a Norwid, Cyprian  |d 1821-1883  |0 (DE-588)118588753  |0 (DE-603)086929763  |2 gnd 
650 7 |a Lyrik  |0 (DE-588)4036774-5  |0 (DE-603)085099805  |2 gnd 
856 4 2 |m V:DE-603;B:DE-Mb50  |q application/pdf  |u http://scans.hebis.de/HEBCGI/show.pl?34368276_toc.pdf  |3 Inhaltsverzeichnis 
924 0 |9 Mb 50  |a (DE-603)734830971  |b DE-Mb50  |c HES  |d c  |g 14.06937